000 00694nam a2200289Ia 4500
005 20260324123925.0
008 008 260324s9999 xx 000 0 eng d
020 _a9781315608846
037 _aEBOOK
040 _aCRL
040 _beng
040 _cCRL
041 _2eng
041 _aeng
084 _qCRL
100 _aLaure Delcour
_91172174
245 0 _aShaping the Post-Soviet Space?
245 0 _bEU Policies and Approaches to Region-Building
260 _bTaylor and Francis
260 _c2011
365 _a
365 _b150
856 _uhttp://www.taylorfrancis.com/books/9781315608846
942 _cEBOOK
999 _c1766104
_d1766104